Tagalog-Filipino glosari: (Record no. 7291)

MARC details
000 -LEADER
fixed length control field 00638nam a22001937a 4500
003 - CONTROL NUMBER IDENTIFIER
control field OSt
005 - DATE AND TIME OF LATEST TRANSACTION
control field 20260123042440.0
008 - FIXED-LENGTH DATA ELEMENTS--GENERAL INFORMATION
fixed length control field 260112b |||||||| |||| 00| 0 eng d
020 ## - INTERNATIONAL STANDARD BOOK NUMBER
International Standard Book Number 978-971-584-874-9
040 ## - CATALOGING SOURCE
Original cataloging agency DWCL-Main Lib
Transcribing agency OC
082 ## - DEWEY DECIMAL CLASSIFICATION NUMBER
Classification number Res 413.2 G216t 2009
100 ## - MAIN ENTRY--PERSONAL NAME
Personal name Gargia,Lakatinging /
Dates associated with a name Cruz,Isagani R.
245 ## - TITLE STATEMENT
Title Tagalog-Filipino glosari:
Remainder of title pantulong sa estudyante sa hayskul
260 ## - PUBLICATION, DISTRIBUTION, ETC.
Place of publication, distribution, etc. Quezon City:
Name of publisher, distributor, etc. C&E Publishing,
Date of publication, distribution, etc. Inc., c2009.
300 ## - PHYSICAL DESCRIPTION
Extent 64p.:
Dimensions 15 cm.
610 ## - SUBJECT ADDED ENTRY--CORPORATE NAME
Source of heading or term Tagalog-Filipino-vocabulary-secondary student.
650 ## - SUBJECT ADDED ENTRY--TOPICAL TERM
Topical term or geographic name entry element Tagalog-Filipino-vocabulary-secondary student.
942 ## - ADDED ENTRY ELEMENTS (KOHA)
Source of classification or shelving scheme Dewey Decimal Classification
Koha item type Book- Reserved
Suppress in OPAC No
952 ## - LOCATION AND ITEM INFORMATION (KOHA)
--
952 ## - LOCATION AND ITEM INFORMATION (KOHA)
--
952 ## - LOCATION AND ITEM INFORMATION (KOHA)
--
Holdings
Withdrawn status Lost status Source of classification or shelving scheme Damaged status Not for loan Home library Current library Shelving location Date acquired Source of acquisition Total Checkouts Full call number Barcode Date last seen Copy number Price effective from Koha item type Uniform Resource Identifier
    Dewey Decimal Classification     Junior High School Library Junior High School Library Reserved 08/01/2011 Library Fund   Res. - 413.2 G216t JHS - 16035 01/12/2026 c3 01/12/2026 BK-0 CIRC
    Dewey Decimal Classification     Junior High School Library Junior High School Library Reserved 08/01/2011 Library Fund   Res. 413.2 G216t JHS - 16034 01/12/2026 c2 01/12/2026 BK-0 CIRC
    Dewey Decimal Classification     Junior High School Library Junior High School Library Reserved 08/01/2011 Library Fund   Res. 413.2 G216t 2009 JHS - 16033 01/12/2026 c1 01/12/2026 BK-0 CIRC